Bermudský trojuholník alebo ako je to na Slovensku s využitím štatistických údajov pri obhajobe práva na dôstojný život

Prehľad využívania štatistických údajov o životných podmienkach a príjmoch v akademickej sfére, MVO a verejnej správe. Problém neúplného štatistického obrazu a morálneho vylúčenia, ktoré sú na sebe nezávislé, ale spoločne prispievajú k veľmi znepokojujúcemu javu.

Uložené v:
Podrobná bibliografia
Hlavný autor: Kusá, Zuzana
Médium: Kapitola
Jazyk:Slovak
Predmet:
Tagy: Pridať tag
Žiadne tagy, Buďte prvý, kto otaguje tento záznam!

MARC

LEADER 00000nla$a2200000$$$4500
001 0150031
005 20221103134257.0
041 0 |a slo 
044 |a SK 
245 1 0 |a Bermudský trojuholník alebo ako je to na Slovensku s využitím štatistických údajov pri obhajobe práva na dôstojný život  |c Zuzana Kusá 
520 |a Prehľad využívania štatistických údajov o životných podmienkach a príjmoch v akademickej sfére, MVO a verejnej správe. Problém neúplného štatistického obrazu a morálneho vylúčenia, ktoré sú na sebe nezávislé, ale spoločne prispievajú k veľmi znepokojujúcemu javu. 
610 2 0 |a spoločnosť občianska 
610 2 0 |a stratifikácia sociálna 
610 2 0 |a triedy a vrstvy 
610 2 0 |a potreby spoločenské 
610 2 0 |a vylúčenie sociálne 
610 2 0 |a práva ľudské 
610 2 0 |a úroveň životná 
610 2 0 |a kvalita života 
610 2 0 |a štatistika 
100 1 |a Kusá, Zuzana